A arquitectura religiosa do Alto Alentejo na segunda metade do século XVI e nos séculos XVII e XVIII / (Record no. 126124)

MARC details
000 -LEADER
campo de control de longitud fija 00683nam a2200193 4500
001 - NÚMERO DE CONTROL
campo de control 126124
003 - IDENTIFICADOR DE NÚMERO DE CONTROL
campo de control ES-MaACL
007 - CAMPO FIJO DE DESCRIPCIÓN FÍSICA--INFORMACIÓN GENERAL
campo de control de longitud fija t|
008 - DATOS DE LONGITUD FIJA--INFORMACIÓN GENERAL
campo de control de longitud fija 070214s1982 po r ||||1| por d
100 1# - ENTRADA PRINCIPAL--NOMBRE DE PERSONA
Nombre de persona Reis, Humberto.
9 (RLIN) 96074
245 10 - MENCIÓN DEL TÍTULO
Título A arquitectura religiosa do Alto Alentejo na segunda metade do século XVI e nos séculos XVII e XVIII /
Mención de responsabilidad, etc. Humberto Reis, Mário Tavares Chicó.
260 ## - PUBLICACIÓN, DISTRIBUCIÓN, ETC.
Lugar de publicación, distribución, etc. Lisboa :
Nombre del editor, distribuidor, etc. [s. n.],
Fecha de publicación, distribución, etc. 1982 (
Fabricante Imprensa Nacional-Casa da Moeda)
300 ## - DESCRIPCIÓN FÍSICA
Extensión 160 h. :
Otras características físicas principalmente il. ;
Dimensiones 28 cm.
490 1# - MENCIÓN DE SERIE
Mención de serie Presenças
700 1# - ENTRADA AGREGADA--NOMBRE PERSONAL
Nombre de persona Chicó, Mário Tavares.
9 (RLIN) 38488
830 0# - PUNTO DE ACCESO ADICIONAL DE SERIE-TÍTULO UNIFORME
Título uniforme Presenças
9 (RLIN) 219095
852 ## - LOCALIZACIÓN
Ubicación ES-MaACL
Número de control de estantería L-9192
Sublocalización o colección R.111130
Holdings
Estatus retirado Estado de pérdida Estado de daño No para préstamo Biblioteca de origen Biblioteca actual Ubicación en estantería Fecha de adquisición Fuente de adquisición Total de préstamos Signatura topográfica completa Código de barras Visto por última vez Precio de reemplazo Tipo de ítem Koha
        Biblioteca del Ateneo de Madrid Biblioteca del Ateneo de Madrid Depósito 2 17/01/2008     L-9192 1131372 23/02/2023 23/02/2023 Libro impreso